Statistiques concernant Culture Générale - Série 217

Cliquez ici pour prendre le quiz!

Statistiques générales

  • Ce quiz a été pris 59 fois
  • Le résultat moyen est 5 sur 10

Statistiques - réponses

Question Réponse % Correct
Dans quel fleuve l'Ardèche se jette-t-elle ?Le Rhône
91%
A combien de degrés équivaut la somme des angles d'un carré ?360
89%
Quel âge avait Charles Aznavour dans sa chanson "Hier encore" ?20 ans
67%
Avec quel ex-membre de Genesis Philip Bailey a-t-il chanté "Easy Lover" ?Phil Collins
61%
Quel "son" Alfred de Vigny aime-t-il "le soir au fond des bois" ?Le son du cor
46%
Que signifie la lettre P dans le sigle GPL ?Pétrole
41%
En 1998, dans quel film Bruce Willis doit-il détruire un astéroïde ?Armageddon
41%
Quel personnage de Molière est appelé "L'Imposteur" ?Tartuffe
31%
Qui se fait connaître avec la chanson "Primitif" en 1980 ?Richard Gotainer
26%
A quel compositeur doit-on les "Rhapsodies hongroises" ?Franz Liszt
19%

Distribution des résultats

Percentile by Number Answered

% des personnes avec chaque résultat

Votre développement - résultats

Vous n’avez pas pris ce quiz